[Event "45th FIDE Chess Olympiad Open"]
[Site "Budapest, Hungary"]
[Date "2024.09.22"]
[Round "11"]
[White "Salvadora, Angelo"]
[Black "El, Rozak"]
[Result "0-1"]
[Board "358"]
[WhiteFideId "16601491"]
[BlackFideId "15800113"]
[WhiteElo "1812"]
[BlackElo "1514"]
[WhiteTeam "Palau"]
[BlackTeam "Cambodia"]
[WhiteClock "0:00:26"]
[BlackClock "1:03:45"]
[Variant "Standard"]

1. e4 {[%clk 1:30:51]}  c5 {[%clk 1:30:35]} 2. Nf3 {[%clk 1:30:39]}  Nc6 {[%clk 1:30:57]} 3. Bc4 {[%clk 1:30:39]}  e6 {[%clk 1:30:53]} 4. O-O {[%clk 1:28:38]}  d5 {[%clk 1:30:48]} 5. exd5 {[%clk 1:27:45]}  exd5 {[%clk 1:31:13]} 6. Bb5 {[%clk 1:25:35]}  Nf6 {[%clk 1:30:01]} 7. Re1+ {[%clk 1:25:14]}  Be7 {[%clk 1:29:52]} 8. Qe2 {[%clk 1:25:24]}  h6 {[%clk 1:29:58]} 9. Ne5 {[%clk 1:18:23]}  Bd7 {[%clk 1:30:09]} 10. Nxd7 {[%clk 1:17:26]}  Nxd7 {[%clk 1:30:05]} 11. Nc3 {[%clk 1:17:16]}  Nd4 {[%clk 1:27:12]} 12. Bxd7+ {[%clk 1:16:26]}  Qxd7 {[%clk 1:27:38]} 13. Qd1 {[%clk 1:11:16]}  O-O {[%clk 1:27:48]} 14. Re5 {[%clk 1:07:08]}  Rad8 {[%clk 1:27:17]} 15. Rxd5 {[%clk 1:05:22]}  Qe6 {[%clk 1:27:36]} 16. Rh5 {[%clk 1:01:48]}  Nxc2 {[%clk 1:27:35]} 17. Rb1 {[%clk 1:01:47]}  Qg6 {[%clk 1:23:21]} 18. d3 {[%clk 0:58:11]}  Nb4 {[%clk 1:22:42]} 19. Rh3 {[%clk 0:57:10]}  Rxd3 {[%clk 1:22:31]} 20. Rxd3 {[%clk 0:56:23]}  Nxd3 {[%clk 1:22:45]} 21. Be3 {[%clk 0:55:27]}  Rd8 {[%clk 1:22:51]} 22. Qe2 {[%clk 0:50:21]}  a6 {[%clk 1:20:30]} 23. Bxh6 {[%clk 0:48:18]}  Bf6 {[%clk 1:20:35]} 24. Be3 {[%clk 0:44:20]}  b5 {[%clk 1:18:37]} 25. Rd1 {[%clk 0:39:22]}  c4 {[%clk 1:18:38]} 26. Rd2 {[%clk 0:35:19]}  Re8 {[%clk 1:19:04]} 27. h3 {[%clk 0:28:03]}  Bd4 {[%clk 1:16:50]} 28. Qf3 {[%clk 0:24:41]}  Bxe3 {[%clk 1:14:15]} 29. fxe3 {[%clk 0:24:36]}  Qg5 {[%clk 1:14:29]} 30. Nd1 {[%clk 0:21:27]}  Re6 {[%clk 1:14:25]} 31. Qa8+ {[%clk 0:21:37]}  Kh7 {[%clk 1:14:29]} 32. Qf3 {[%clk 0:21:54]}  Rf6 {[%clk 1:13:50]} 33. Qe2 {[%clk 0:20:35]}  Nc1 {[%clk 1:12:50]} 34. Qe1 {[%clk 0:20:02]}  Nxa2 {[%clk 1:13:01]} 35. Nf2 {[%clk 0:19:59]}  Qg6 {[%clk 1:11:48]} 36. Ng4 {[%clk 0:19:32]}  Rf5 {[%clk 1:10:46]} 37. e4 {[%clk 0:18:08]}  Rh5 {[%clk 1:10:15]} 38. e5 {[%clk 0:16:48]}  b4 {[%clk 1:08:08]} 39. Rd6 {[%clk 0:14:26]}  Qc2 {[%clk 1:06:53]} 40. e6 {[%clk 0:13:50]}  fxe6 {[%clk 1:05:11]} 41. Rxe6 {[%clk 0:13:47]}  Qc1 {[%clk 1:05:10]} 42. Qxc1 {[%clk 0:12:33]}  Nxc1 {[%clk 1:05:32]} 43. Rxa6 {[%clk 0:12:39]}  Nd3 {[%clk 1:05:16]} 44. Rb6 {[%clk 0:07:45]}  Ra5 {[%clk 1:03:11]} 45. Ne3 {[%clk 0:07:18]}  Ra1+ {[%clk 1:03:29]} 46. Kh2 {[%clk 0:07:26]}  Rc1 {[%clk 1:03:49]} 47. Kg3 {[%clk 0:02:46]}  b3 {[%clk 1:04:07]} 48. Kf3 {[%clk 0:01:54]}  Nxb2 {[%clk 1:03:46]} 49. Nxc4 {[%clk 0:01:58]}  Nxc4 {[%clk 1:03:46]} 50. Rxb3 {[%clk 0:00:26]}  Nd2+ {[%clk 1:03:45]} 0-1

[Event "45th FIDE Chess Olympiad Open"]
[Site "Budapest, Hungary"]
[Date "2024.09.22"]
[Round "11"]
[White "Yacouba, Souley Moussa"]
[Black "Murphy, Jones"]
[Result "0-1"]
[Board "361"]
[WhiteFideId "29400120"]
[BlackFideId "2057603"]
[WhiteElo "1645"]
[BlackElo "2021"]
[WhiteTeam "Niger"]
[BlackTeam "Dominica"]
[WhiteClock "0:00:34"]
[BlackClock "0:44:39"]
[Variant "Standard"]

1. d4 {[%clk 1:30:55]}  Nf6 {[%clk 1:30:52]} 2. Bf4 {[%clk 1:31:08]}  Nh5 {[%clk 1:31:15]} 3. Bg5 {[%clk 1:30:20]}  h6 {[%clk 1:31:00]} 4. Bd2 {[%clk 1:29:13]}  Nf6 {[%clk 1:28:16]} 5. Nf3 {[%clk 1:28:34]}  g6 {[%clk 1:27:20]} 6. Nc3 {[%clk 1:28:07]}  Bg7 {[%clk 1:24:53]} 7. e4 {[%clk 1:25:39]}  d6 {[%clk 1:25:09]} 8. h3 {[%clk 1:25:15]}  c6 {[%clk 1:19:44]} 9. Be2 {[%clk 1:19:10]}  b5 {[%clk 1:16:17]} 10. b4 {[%clk 1:12:49]}  a5 {[%clk 1:09:24]} 11. Rb1 {[%clk 1:09:58]}  axb4 {[%clk 1:06:28]} 12. Rxb4 {[%clk 1:05:24]}  Na6 {[%clk 1:06:10]} 13. Rb3 {[%clk 1:00:37]}  b4 {[%clk 1:02:05]} 14. Bxa6 {[%clk 0:53:49]}  bxc3 {[%clk 1:01:12]} 15. Bxc3 {[%clk 0:49:04]}  Bxa6 {[%clk 1:00:35]} 16. Nd2 {[%clk 0:48:00]}  Nd7 {[%clk 0:56:44]} 17. Qb1 {[%clk 0:40:44]}  O-O {[%clk 0:54:59]} 18. Bb2 {[%clk 0:40:57]}  c5 {[%clk 0:53:55]} 19. dxc5 {[%clk 0:39:39]}  Nxc5 {[%clk 0:54:10]} 20. Bxg7 {[%clk 0:39:41]}  Kxg7 {[%clk 0:54:16]} 21. Qa1+ {[%clk 0:37:20]}  Kh7 {[%clk 0:54:29]} 22. Re3 {[%clk 0:36:18]}  Qa5 {[%clk 0:54:23]} 23. h4 {[%clk 0:34:40]}  Rfb8 {[%clk 0:51:43]} 24. Rhh3 {[%clk 0:34:34]}  Rb4 {[%clk 0:50:13]} 25. f3 {[%clk 0:31:16]}  Rab8 {[%clk 0:47:27]} 26. Qc3 {[%clk 0:19:35]}  Qxa2 {[%clk 0:45:58]} 27. Kf2 {[%clk 0:13:39]}  Rb2 {[%clk 0:45:47]} 28. Re1 {[%clk 0:09:59]}  Rxc2 {[%clk 0:45:49]} 29. Qe3 {[%clk 0:07:18]}  Nd3+ {[%clk 0:45:26]} 30. Kg3 {[%clk 0:06:41]}  Nxe1 {[%clk 0:45:29]} 31. Qxe1 {[%clk 0:04:24]}  Rxd2 {[%clk 0:45:27]} 32. Rh2 {[%clk 0:03:56]}  Rb1 {[%clk 0:45:03]} 33. Qe3 {[%clk 0:02:47]}  Bf1 {[%clk 0:45:06]} 34. h5 {[%clk 0:02:02]}  Rxg2+ {[%clk 0:45:19]} 35. Rxg2 {[%clk 0:01:07]}  Qxg2+ {[%clk 0:45:36]} 36. Kf4 {[%clk 0:00:34]}  Qg5# {[%clk 0:44:39]} 0-1